Top 100 NBA Players 2024-2025 Season - Statistics

General Stats
  • This quiz has been taken 3,764 times
  • The average score is 76 of 100
Answer Stats
Hint Answer % Correct
Bucks Giannis Antetokounmpo
99%
Celtics Jayson Tatum
99%
Mavericks Luka Dončić
99%
Nuggets Nikola Jokić
99%
Warriors Stephen Curry
99%
Lakers Anthony Davis
98%
Timberwolves Anthony Edwards
98%
76ers Joel Embiid
98%
Lakers LeBron James
98%
Thunder Shai Gilgeous-Alexander
98%
Suns Devin Booker
97%
Celtics Jaylen Brown
97%
Knicks Jalen Brunson
96%
Grizzlies Ja Morant
96%
Suns Kevin Durant
96%
Cavaliers Donovan Mitchell
95%
Nuggets Jamal Murray
95%
Heat Jimmy Butler
95%
Clippers Kawhi Leonard
95%
Pacers Tyrese Haliburton
95%
Spurs Victor Wembanyama
95%
Pelicans Zion Williamson
95%
Heat Bam Adebayo
93%
Bucks Damian Lillard
93%
Kings De'Aaron Fox
93%
Pelicans Dejounte Murray
93%
Kings Domantas Sabonis
93%
Knicks Karl-Anthony Towns
93%
Mavericks Kyrie Irving
93%
Hawks Trae Young
93%
76ers Tyrese Maxey
92%
Clippers James Harden
91%
Magic Paolo Banchero
91%
76ers Paul George
91%
Celtics Derrick White
90%
Pistons Jalen Duren
90%
Bulls Coby White
89%
Thunder Jalen Williams
89%
Celtics Kristaps Porzingis
89%
Timberwolves Rudy Gobert
89%
Celtics Jrue Holiday
88%
Warriors Draymond Green
87%
Rockets Jalen Green
87%
Pacers Pascal Siakam
86%
Hornets LaMelo Ball
85%
Jazz Lauri Markkanen
85%
Kings Demar DeRozan
83%
Grizzlies Jaren Jackson Jr.
83%
Cavaliers Darius Garland
82%
Thunder Chet Holmgren
81%
Raptors Scottie Barnes
81%
Cavaliers Evan Mobley
80%
Bucks Khris Middleton
80%
Pelicans Brandon Ingram
79%
Cavaliers Jarett Allen
79%
Bulls Zach LaVine
79%
Pistons Cade Cunningham
78%
Knicks Julius Randle
78%
Knicks Mikal Bridges
78%
Rockets Alperen Sengun
77%
Knicks Josh Hart
77%
Hornets Miles Bridges
77%
Magic Franz Wagner
76%
Nuggets Aaron Gordon
75%
Spurs Chris Paul
74%
Bucks Brook Lopez
73%
Grizzlies Desmond Bane
73%
Nuggets Michael Porter Jr.
71%
Heat Tyler Herro
71%
Suns Bradley Beal
70%
Mavericks Klay Thompson
69%
Rockets Fred VanVleet
66%
Knicks OG Anunoby
66%
Pelicans CJ McCollum
63%
Wizards Kyle Kuzma
62%
Pacers Myles Turner
62%
Lakers Austin Reaves
61%
Celtics Al Horford
58%
Timberwolves Mike Conley
56%
Trail Blazers Anfernee Simons
55%
Timberwolves Jaden McDaniels
55%
Hawks Jalen Johnson
55%
Thunder Alex Caruso
54%
Magic Jalen Suggs
51%
Spurs Devin Vassell
50%
Knicks Mitchell Robinson
50%
Trail Blazers DeAndre Ayton
49%
Pelicans Herb Jones
48%
Timberwolves Donte DiVincenzo
47%
Mavericks Derrick Lively II
43%
Grizzlies Marcus Smart
43%
Trail Blazers Jerami Grant
41%
Nets Nic Claxton
41%
Rockets Jabari Smith Jr.
40%
Kings Malik Monk
40%
Hornets Brandon Miller
39%
Bucks Bobby Portis
38%
Pelicans Trey Murphy III
33%
Heat Terry Rozier
30%
Wizards Malcolm Brogdon
20%
No matching quizzes found
Score Distribution
Percent of People with Each Score
Percentile by Number Answered
Your Score History
You have not taken this quiz